| 000 | 00729nam a22001937a 4500 | ||
|---|---|---|---|
| 003 | 0 | ||
| 005 | 20250407100017.0 | ||
| 008 | 250404b xxu||||| |||| 00| 0 eng d | ||
| 020 | _a978-3-031-35068-9 | ||
| 050 |
_aHJ 9900 _b.H47 2024 |
||
| 100 | _aHepworth, Noel | ||
| 245 |
_aPublic financial management and internal control _bThe importance of managerial capability for successful reform in developing and transition economies _cNoel Hepworth |
||
| 260 |
_aSwitzerland _bSpringer Nature Switzerland AG _c2024 |
||
| 300 |
_axxiii, 579 pages; _c23cm. |
||
| 650 | _aPublic Finance--Government Accounting. | ||
| 650 | _aPublic Financial Management--Internal Control . | ||
| 650 | _aPublic Budgeting--Auditing. | ||
| 942 |
_2lcc _cBK |
||
| 999 |
_c367369 _d367369 |
||